Europa: Geografie mit W - Statistiken

Allgemein
  • Dieses Quiz wurde 161 mal gespielt
  • Das Durchschnittsergebnis liegt bei 11 aus 16
Antwortstatistiken
Hinweis Antwort % Korrekt
Veraltete Bezeichnung für das Land Belarus Weißrussland
99%
Längster Fluss Europas, der ins Kaspische Meer mündet Wolga
98%
In der Landessprache heißt dieser Teil Großbritanniens "Cymru" Wales
92%
Zweitgrößte Stadt im deutschen Sprachraum, die 2024 die Marke von 2 Mio. Einwohnern überschritten hat Wien
90%
Stadtteil im Südwesten Londons, der durch ein Tennisturnier international bekannt ist Wimbledon
90%
Die im 2. Weltkrieg zerstörte und anschließend wiederaufgebaute Altstadt dieser europäischen Hauptstadt gehört bereits seit 1980 zum UNESCO-Weltkulturerbe Warschau
83%
Am Gullfoss in Island oder in der Schweiz am Reichenbach und am Rhein bei Schaffhausen kann man diese Naturschauspiele bewundern Wasserfälle
75%
Landschaftsform in den Küstengebieten der Nordsee in Dänemark, Deutschand, den Niederlanden und England, die durch die Gezeiten zweimal am Tag trockenfallen Watt
73%
Nenne einen der beiden mehrheitlich französischsprachigen Schweizer Kantone, deren deutsche Namen mit W beginnen Waadt | Wallis
70%
Teil des Königreichs Belgien mit überwiegend frazösischsprachiger Bevölkerung Wallonien
63%
Landschaft im Süden Rumäniens, die lange ein Fürstentum unter der Herrschaft des Osmanischen Reichs war Walachei
59%
Nebenmeer des Arktischen Ozeans, das im Norden von der russischen Halbinsel Kola begrenzt wird {Weißes} Meer
50%
Stadtteile mit diesem Namen gibt es z. B. in Berlin, Frankfurt und London; sie entstanden durch die Erweiterung des Stadtgebiets in eine bestimmte Himmelsrichtung Westend
50%
Dieser Fluss durchfließt sowohl die oben gesuchte als auch die zweitgrößte Stadt des Landes Weichsel
47%
Die Stadt im Kanton Zürich ist die größte Stadt der Schweiz, die kein Kantonshauptort ist Winterthur
38%
Insel vor der Südküste Englands, die eine eigene Grafschaft bildet Isle of {Wight}
29%
Keine übereinstimmenden Quizze gefunden
Verteilung der Resultate
Anzahl Personen mit jedem Resultat
Perzentil nach korrekt beantworteten Fragen
Ihre Resultats-Entwicklung
Sie haben dieses Quiz noch nicht gespielt